| 000 | 00709nam a2200121Ia 4500 | ||
|---|---|---|---|
| 008 | 220620s9999||||xx |||||||||||||| ||und|| | ||
| 245 | 0 |
_aWhistleblowing for Change _bExposing Systems of Power and Injustice |
|
| 546 | _aEnglish[eng] | ||
| 650 | _aWhistleblowing||Social Justice||Resistance||Hacktivism||Digital Culture||Civil Society||Politics||Media||Political Sociology||Digital Media||Media Studies||Political Science | ||
| 700 | _aBazzichelli, Tatiana | ||
| 856 | _uhttps://library.oapen.org/bitstream/20.500.12657/52085/1/9783839457931.pdf||https://library.oapen.org/bitstream/20.500.12657/52085/1/9783839457931.pdf||https://library.oapen.org/bitstream/20.500.12657/52085/1/9783839457931.pdf | ||
| 942 | _cEB | ||
| 999 |
_c22356 _d22356 |
||